Statistics for How Oceanian countries gained Independence

Click here to take the quiz!

General Stats

  • This quiz has been taken 115 times
    (57 since last reset)
  • The average score is 13 of 14

Answer Stats

CountryCountry/Empire% Correct
AustraliaUnited Kingdom/ British Empire
100%
FijiUnited Kingdom/ British Empire
100%
KiribatiUnited Kingdom/ British Empire
100%
Solomon IslandsUnited Kingdom/ British Empire
100%
TongaUnited Kingdom/ British Empire
100%
TuvaluUnited Kingdom/ British Empire
100%
VanuatuBritish Empire/France
95%
Marshall IslandsUnited States of America
95%
MicronesiaUnited States of America
95%
PalauUnited States of America
95%
NauruAustralia
93%
New ZealandAustralia
93%
Papua New GuineaAustralia
93%
SamoaNew Zealand
71%

Score Distribution

Percentile by Number Answered

Percent of People with Each Score

Your Score History

You have not taken this quiz since the last reset